000 00706nam a2200289Ia 4500
005 20260324121202.0
008 008 260324s9999 xx 000 0 eng d
020 _a9780203740316
037 _aEBOOK
040 _aCRL
040 _beng
040 _cCRL
041 _2eng
041 _aeng
084 _qCRL
100 _aSusie Miles; Andy Howes
_91161527
245 0 _aPhotography in Educational Research
245 0 _bCritical reflections from diverse contexts
260 _bTaylor and Francis
260 _c2014
365 _a
365 _b265
856 _uhttp://www.taylorfrancis.com/books/9780203740316
942 _cEBOOK
999 _c1753464
_d1753464